000 00489nam a22001697a 4500
999 _c41074
_d41074
003 OSt
005 20210305113021.0
008 210305b ||||| |||| 00| 0 eng d
020 _a9781785040474
040 _coclc
082 _a158.1
_bSCH/M
100 _98514
_aSchwartz, David J
245 _aThe Magic Of Thinking Big /
_cDavid J Schwartz
260 _aLondon:
_bVermilion Publishing,
_c2016.
300 _a362p
942 _2ddc
_cBK
_h158.1
_iSCH/M
_k158.1
_mSCH/M